000 00567nam a2200205 a 4500
001 BRL_893
005 20190320210937.0
008 231013s1955----mx-ae#####---#000-0#spa-#
041 _aspa
044 _amx
050 4 _aF1435.1.P2
_b.P35 1955
245 1 0 _aPalenque
_bGuía oficial
260 _aMéxico, D.F.
_bInstituto Nacional de Antropología e Historia
_c1955
300 _a19 p.
_bil., planos
_c20 cm.
500 _aAu1050
650 1 4 _aMayas
_xAntigüedades
_99555
651 4 _aPalenque (Chiapas, México)
_vGuías
_925253
902 _aGRL
942 _2lcc
_cB
999 _c9705
_d9705